000 00447nam a2200169Ia 4500
008 230524s9999 xx 000 0 und d
020 _a9780333937969
082 _a4.6
_bCHA
100 _aPrem Chadha
245 0 _aPerformance Management : (It is About Performing- Not Just Appraising)
250 _aIST
260 _aNEW DELHI
_bMacmillan
_c2009
300 _aVII;601
500 _aQuantity Number: 5
650 _aManagement
942 _cBK
999 _c46508
_d46508